|
|
|
|
| LEADER |
01374nam a2200265 a 4500 |
| 001 |
GR-MES7541 |
| 008 |
001214s1998 gr 001 0 gre|c |
| 020 |
|
|
|a 9603321370
|
| 040 |
|
|
|a GrPaTEI
|b gre
|c GR-PaULI
|
| 100 |
1 |
|
|a Craig, John Clark.
|
| 240 |
1 |
0 |
|a Microsoft Visual Basic 6.0 developer's workshop.
|l Ελληνικά
|
| 245 |
0 |
0 |
|a Microsoft Visual Basic 6.0 :
|b η εργαλειοθήκη του προγραμματιστή /
|c John Clark Craig, Jeff Webb ; [μετάφραση Γιώργος Σταυρόπουλος, Κώστας Καρανικολός].
|
| 260 |
|
|
|a Αθήνα :
|b Κλειδάριθμος,
|c 1998.
|
| 300 |
|
|
|a 920 σ. ;
|c 24 εκ.
|
| 500 |
|
|
|a Μετάφραση του: Microsoft Visual Basic 6.0 developer's workshop, 5th ed.
|
| 500 |
|
|
|a Περιλαμβάνει ευρετήριο.
|
| 630 |
0 |
0 |
|a Microsoft Visual BASIC.
|
| 650 |
|
0 |
|a BASIC (Computer program language)
|
| 700 |
1 |
|
|a Webb, Jeff,
|d 1961-
|
| 700 |
1 |
|
|a Καρανικολός, Κώστας
|e μεταφραστής.
|
| 700 |
1 |
|
|a Σταυρόπουλος, Γιώργος
|e μεταφραστής.
|
| 942 |
|
|
|2 ddc
|
| 952 |
|
|
|0 0
|1 0
|2 ddc
|4 0
|6 005_130000000000000_CRA
|7 0
|9 277883
|a MSLG
|b MSLG
|c BSC
|d 2021-01-17
|e 24
|f 0
|g 0.00
|l 0
|o 005.13 CRA
|p 2420000016297
|r 2021-01-17 00:00:00
|t 1
|w 2021-01-17
|y BK15
|x 20001214 0 1
|x GrPaTEI
|
| 971 |
|
|
|a .b25860112
|b 17-07-20
|c 14-09-16
|
| 999 |
|
|
|c 161570
|d 161570
|